Mathematics and logic: Retrospect and prospects (Record no. 691452)
[ view plain ]
| 000 -LEADER | |
|---|---|
| fixed length control field | 01957nam a2200241Ia 4500 |
| 003 - CONTROL NUMBER IDENTIFIER | |
| control field | OSt |
| 005 - DATE AND TIME OF LATEST TRANSACTION | |
| control field | 20250617122349.0 |
| 008 - FIXED-LENGTH DATA ELEMENTS--GENERAL INFORMATION | |
| fixed length control field | 220926b |||||||| |||| 00| 0 eng d |
| 037 ## - SOURCE OF ACQUISITION | |
| Terms of availability | Reference |
| 040 ## - CATALOGING SOURCE | |
| Original cataloging agency | RTL |
| Transcribing agency | RTL |
| Language of cataloging | eng |
| 041 ## - LANGUAGE CODE | |
| Source of code | eng |
| Language code of text/sound track or separate title | eng |
| 084 ## - COLON CLASSIFICATION NUMBER | |
| Classification number | B:(R1) K8/SC |
| Assigning agency | RTL |
| 100 ## - MAIN ENTRY--PERSONAL NAME | |
| Personal name | Kac, Mark |
| 9 (RLIN) | 371229 |
| 245 #0 - TITLE STATEMENT | |
| Title | Mathematics and logic: Retrospect and prospects |
| 260 ## - PUBLICATION, DISTRIBUTION, ETC. | |
| Place of publication, distribution, etc. | New York |
| Name of publisher, distributor, etc. | Frederick A. Praeger |
| Date of publication, distribution, etc. | 1968 |
| 300 ## - PHYSICAL DESCRIPTION | |
| Extent | ix,170 p. |
| Dimensions | cm. |
| Other physical details | Includes bibliographical references and index |
| 520 ## - SUMMARY, ETC. | |
| Summary, etc. | What is mathematics? How was it created and who were and are the people creating and practicing it? Can one describe its development and role in the history of scientific thinking and can one predict the future? This book is a thought-provoking attempt to answer such questions and to suggest the scope and depth of the subject.The volume begins with a discussion of problems involving integers in which ideas of infinity appear and proceeds through the evolution of more abstract ideas about numbers and geometrical objects. The authors show how mathematicians came to consider groups of general transformations and then, looking upon the sets of such subjects as spaces, how they attempted to build theories of structures in general. Also considered here are the relations between mathematics and the empirical disciplines, the profound effect of high-speed computers on the scope of mathematical experimentation, and the question of how much mathematical progress depends on "invention" and how much on "discovery." For mathematicians, physicists, or any student of the evolution of mathematical thought, this highly regarded study offers a stimulating investigation of the essential nature of mathematics. |
| 650 ## - SUBJECT ADDED ENTRY--TOPICAL TERM | |
| Topical term or geographic name entry element | Mathematics |
| 650 ## - SUBJECT ADDED ENTRY--TOPICAL TERM | |
| Topical term or geographic name entry element | Mathematics- Logic |
| 9 (RLIN) | 812998 |
| 700 ## - ADDED ENTRY--PERSONAL NAME | |
| Personal name | Ulam, Stanislaw M. |
| 9 (RLIN) | 371230 |
| Relator term | Co-author |
| 942 ## - ADDED ENTRY ELEMENTS (KOHA) | |
| Classification part | B:(R1) K8/SC |
| Koha item type | Reference |
| Source of classification or shelving scheme | Colon Classification (CC) |
| Suppress in OPAC | No |
| Withdrawn status | Lost status | Source of classification or shelving scheme | Damaged status | Not for loan | Home library | Current library | Date acquired | Total Checkouts | Full call number | Barcode | Date last seen | Price effective from | Koha item type |
|---|---|---|---|---|---|---|---|---|---|---|---|---|---|
| Colon Classification (CC) | Ratan Tata Library | Ratan Tata Library | 2022-09-27 | B:(R1) K8/SC | RT1149494 | 2022-09-27 | 2022-09-27 | Reference |
